000 00342 a2200109 4500
001 50731
040 _cAnchieta - Pituba
240 1 0 _aEnciclopédia e Dicionário Koogan Houaiss Digital
_l
245 1 0 _aEnciclopédia e Dicionário Koogan Houaiss Digital
650 4 _aObras enciclopédicas gerais de línguas espanhola e portuguesa
942 _cMU
999 _c50731
_d50731